| 000 | 00660nam a2200169Ia 4500 | ||
|---|---|---|---|
| 008 | 210719s1988 xx 000 0 und d | ||
| 020 | _a0-07-0333219-3 | ||
| 041 | _aeng | ||
| 082 | _a650.1 KAMT | ||
| 100 | _aKAMI (Michael J) | ||
| 245 |
_aTrigger points _bHow to make decisions three times faster innovate smarter and beat your competition by ten percent |
||
| 260 |
_aNew York _bMcGraw Hill Book Company _c1988 |
||
| 300 |
_axi,243 _bHB |
||
| 650 | _aBusiness Studies | ||
| 650 | _aManagement | ||
| 906 | _aand ; beat ; by ; competition ; decisions ; faster ; How ; innovate ; make ; percent ; points ; smarter ; ten ; three ; times ; to ; Trigger ; your | ||
| 999 |
_c214542 _d214542 |
||